Visual C# 2005 bez předchozích znalostí: Průvodce pro samouky /

Guardado en:
Detalles Bibliográficos
Autor principal: Kent, Jeff (Autor)
Formato: Libro
Lenguaje:checo
inglés
Publicado: Brno: Computer Press, a.s., 2007
Edición:1. vyd.
Materias:
Etiquetas: Agregar Etiqueta
Sin Etiquetas, Sea el primero en etiquetar este registro!

MARC

LEADER 00000nam a22000003a 4500
001 0082529
003 SK-STU
005 20200723140817.4
007 ta
008 200723s ----xo-----e------000-0-----d
020 |a 978-80-251--1584-8 
040 |a STU  |b slo 
041 0 |a cze  |h eng 
044 |a xr 
100 1 |a Kent, Jeff  |4 aut 
245 1 0 |a Visual C# 2005 bez předchozích znalostí:  |b Průvodce pro samouky /  |c aut. Jeff Kent 
250 |a 1. vyd. 
260 |a Brno:  |b Computer Press, a.s.,  |c 2007 
300 |a 310 s. 
650 0 7 |a programovací jazyk C# 
996 |c I*16PJ13765  |l I  |s A  |a 24  |w 0082529_0001